Statistics for 1923 USA Quiz

Click here to take the quiz!

General Stats

  • This quiz has been taken 12 times
  • The average score is 4 of 11

Answer Stats

QuestionAnswer% Correct
Which world famous magazine was first published on March 2nd ?Time
75%
Who replaced him ?Calvin Coolidge
58%
Which famous jazz musician made his first recording in April ?Louis Armstrong
58%
Which baseball team won their first World Series ?New York Yankees
58%
Who was USA president at beginning of 1923 ?Warren Harding
50%
The Rosewood massacre a racially motivated attack of a black town in which black people were massacred took place in which US state ?Florida
25%
On May 28th women were legally allowed to wear what ?Trousers
25%
Which author who wrote Catch 22 was born ?Joseph Heller
8%
The author of 'The Naked and The Dead ' was born .who was he ?Norman Mailer
8%
Which singer whose biggest hit was 'He'll Have To Go' was born in August ?Jim Reeves
0%
Which famous film studio was created in April ?Warner Bros
0%

Score Distribution

Percentile by Number Answered

Percent of People with Each Score

Your Score History

You have not taken this quiz